Statistics for Nationalities in Austria-Hungary

Click here to take the quiz!

General Stats

  • This quiz has been taken 573 times
  • The average score is 9 of 10

Answer Stats

PercentageNationality% Correct
23.36%German
99%
19.57%Hungarian
98%
8.52%Serbo-Croatian
98%
3.83%Slovakian
96%
12.54%Czech
94%
9.68%Polish
94%
6.27%Romanian
94%
1.50%Italian
90%
2.44%Slovenian
89%
7.78%Ukrainian
82%

Score Distribution

Percentile by Number Answered

Percent of People with Each Score

Your Score History

You have not taken this quiz